00565nam a2200169Ia 4500008004100000020001800041041000800059082001600067100001800083245007000101250000600171260003000177300001700207650002200224999001900246952013000265210716s2010 xx 000 0 und d a9788184894394 aeng a004.65 COWJ aCowley, John. aCommunications and networking: an introduction.bAn introduction. a2 aNew DelhibSpringerc2010 axix,251/2015 aComputer Networks c194567d194567 001040708MCAaAIMITbAIMITeKnowledge Worldg795.00l0o004.65 COWJpMCA14075r2025-07-21 00:00:00v596.25w2021-07-16yBK